000 00797cab a2200265 4500
001 ABS55525
008 090401t1996 xxu||||| |||| 00| 0 eng d
035 _a(Sirsi) u17142
041 _aeng
100 _aCirell, S.
245 _aWhy the PFI will survive Allerdale
260 _c1996
350 _a0
490 _aLocal Government Chronicle
_v(6711) 5 July 1996, 10(1)
520 _aDiscusses the impact of the judgment in "Credit Suisse v Allerdale" on the Private Finance Initiative.
650 _aCREDIT SUISSE V ALLERDALE
650 _aLOCAL AUTHORITIES
650 _aLOCAL GOVERNMENT ACT 1972
650 _aPFI
650 _aPRIVATE FINANCE INITIATIVE
690 _aPROPERTY-PROPERTY FINANCE AND INVESTMENT
700 _aBennett, J.
942 _n0
948 _c04/03/1997
999 _c11365
_d11365